000 00481nam a2200169Ia 4500
008 110201s9999 xx 000 0 und d
082 _bB694
_aK 514
100 _aशहाणे अशोक
245 _aजन-अरण्य
260 _bअमेय प्रकाशन
365 _b25
600 _aशहाणे अशोक
630 _aजन-अरण्य
700 _aशहाणे अशोक
730 _aजन-अरण्य
942 _cBOOK
999 _c828120
_d828117